Aritmética y álgebra /

Guardado en:
Autor Principal: Repetto, Celina H.
Formato: Libro
Publicado: Buenos Aires : Kapelusz, 0
Edición:14a. ed.
Materias:
Etiquetas: Agregar Etiqueta
Sin Etiquetas, Sea el primero en etiquetar este registro!
LEADER 00451nam a22001695a 4500
001 CEM.cems005378
005 20060220000000.0
008 130507b######################000#0#####d
003 CEMS
082 0 4 |a 511 
100 1 |a Repetto, Celina H. 
245 1 0 |a Aritmética y álgebra / 
250 |a 14a. ed. 
260 |a Buenos Aires :  |b Kapelusz, 0 
300 |a 293 p. 
653 |a Matematica 
859 |a CEMS  |b BIB. CEMS - 11 de abril  |h 511  |i R299-4a14/III  |p 5130.76  |t Ej.1